=LDR 00000nam 2200000 4500 =001 INLIS000000000022099 =005 20130612120906 =008 ***********************************Ind** =035 ##$$a0010-061300000022099 =041 ##$$a Ind =082 ##$$a 658 =090 ##$$a 658, Imp-i =245 ##$$a Implementasi manjemen stratejik, Kebijakan dan proses, penerjemah, Nganam Maksensius ... [et.al.]; Editor ; A. Usmara =260 ##$$a 2003 $b Jogjakarta =300 ##$$a 391 hlm., ilus., 22 cm =650 ##$$a Manajemen Strategi =850 ##$$a NBPNMAT =990 ##$$a 0001/BPAP-NTB/20142014